000 00277nam a2200109Ia 4500
008 190907s9999||||xx |||||||||||||| ||und||
100 _aConner, Niguidula,
245 0 _aObject Oriented Programming in Pascal
260 _aUSA
_bFamous Books
_c1995
300 _a616
942 _cBK
999 _c6466
_d6466